Statystyki dla Samochody w Polsce lata 90-te

Kliknij tutaj aby rozwiązać quiz!

Ogólne statystyki

  • Ten quiz został rozwiązany 269 razy
  • Średni wynik to 51 z 159

Statystyki odpowiedzi

BrandModel% Poprawnych
Fiat126p
77%
VolkswagenPolo
76%
Fiat125p
72%
VolkswagenGolf
72%
OpelAstra
70%
FSOPolonez
70%
FordFiesta
69%
VolkswagenPassat
67%
FordFocus
65%
FordMondeo
65%
Renault5
60%
AudiA4
60%
RenaultClio
60%
SeatIbiza
60%
FordKa
60%
DaewooLanos
60%
Renault4
59%
SkodaOctavia
59%
DaewooTico
59%
OpelCorsa
56%
BMWE36
56%
DaewooMatiz
56%
AudiA3
55%
AudiA6
55%
ToyotaCorolla
54%
Audi80
53%
FordEscort
53%
Audi100
52%
FiatPunto
52%
HondaCivic
51%
FiatSeicento
51%
Renault9
50%
ToyotaYaris
49%
BMWE30
48%
RenaultMegane
48%
Peugeot206
47%
FiatCinquecento
46%
MercedesW124
45%
BMWE34
44%
SkodaFelicia
43%
OpelVectra
43%
FiatUno
42%
Peugeot106
40%
DaewooNubira
40%
Renault19
39%
FiatPanda
39%
Skoda105
38%
FSCŻuk
38%
HondaAccord
37%
BMWE32
37%
OpelKadett
37%
OpelOmega
37%
FordTransit
37%
VolkswagenTransporter
37%
Peugeot306
36%
Mazda323
36%
SeatCordoba
36%
BMWE28
36%
SkodaFavorit
36%
MercedesW123
36%
FordSierra
35%
Peugeot205
34%
RenaultLaguna
34%
FSCLublin
34%
SuzukiSwift
34%
NissanMicra
33%
SeatToledo
32%
Peugeot406
31%
FiatBravo
31%
MercedesW202
31%
NissanAlmera
30%
NissanPrimera
30%
RenaultScenic
30%
FiatTipo
30%
Mazda626
29%
FiatDucato
29%
MercedesW201
29%
MercedesSprinter
28%
MercedesW210
28%
Peugeot405
27%
DaewooEspero
27%
VolkswagenBora
26%
FiatBrava
26%
DaewooLeganza
26%
DaewooNexia
26%
VolvoS40
26%
OpelCalibra
25%
VolkswagenJetta
25%
FordScorpio
25%
Renault25
24%
FordPuma
24%
MercedesW126
24%
Volvo740
23%
FiatCoupe
23%
FordGalaxy
23%
MercedesVito
23%
FiatMarea
22%
FiatSiena
22%
NissanSunny
22%
Mazda121
21%
CitroenBX
21%
YugoKoral
21%
HondaPrelude
21%
SuzukiVitara
21%
CitroenXM
21%
CitroenAX
20%
ToyotaCamry
20%
RenaultTwingo
20%
CitroenXantia
20%
CitroenXara
20%
CitroenZX
20%
VolkswagenCaddy
19%
YugoFlorida
19%
FiatTempra
19%
VolkswagenVento
19%
SeatAlhambra
18%
OpelAscona
18%
DaihatsuCharade
18%
FordProbe
18%
ToyotaCarina
17%
OpelCombo
17%
OpelTigra
17%
IFAWartburg
17%
HyundaiAccent
16%
FiatCroma
16%
ToyotaLand Cruiser
16%
DaewooMusso
16%
ToyotaRav4
16%
VolvoS70
16%
MercedesT1
16%
RenaultTrafic
16%
Citroen2CV
15%
Volvo440
15%
FordGranada
15%
FiatPalio Weekend
15%
HyundaiPony
15%
RenaultRapid
15%
HyundaiSonata
15%
CitroenC15
14%
VolkswagenLT
14%
KiaPride
14%
Peugeot309
13%
Volvo340
13%
HyundaiAtos
13%
FiatFiorino
13%
SkodaForman
13%
SeatInca
13%
OpelRekord
13%
Nissan300ZX
12%
FiatRitmo
12%
KiaShuma
12%
ToyotaStarlet
12%
KiaSephia
11%
KiaClarus
10%
HyundaiLantra
10%
KiaPregio
10%
Volvo244
9%
NissanVanette
9%
ToyotaTercel
8%

Rozkład punktacji

Percentyl według liczby udzielonych odpowiedzi

Procent ludzi z każdym wynikiem

Twoja historia wyników

Nie rozwiązałeś tego quizu